| 000 | 01559cam a2200253 4500 | ||
|---|---|---|---|
| 001 | ##L134146 | ||
| 008 | 060713n2006 000 0 eng u | ||
| 035 | _a(Sirsi) u134146 | ||
| 041 | 0 | _aeng | |
| 050 | 0 | 4 | _a711.58 $2 18 |
| 110 | 1 |
_aWales _bNational Assembly for Wales _94836 |
|
| 245 | 0 | 0 |
_aPlanning policy Wales _btechnical advice note 2: planning and affordable housing _h[electronic resource] |
| 260 |
_aCardiff _bNational Assembly for Wales _c2006 |
||
| 490 | 0 |
_aPlanning Policy Wales Technical Advice Note _v2 |
|
| 520 | _aAdvises on defining affordable housing for the purposes of the land use planning system and on the need for collaborative working between local authority housing and planning departments and key stakeholders. Provides guidance on setting an affordable housing target in local planning authorities' development plans, on indicating how the target will be achieved, on monitoring the provision of affordable housing against the target, and on the role of registered social landlords and planning obligations and conditions in securing affordable housing via the planning system. | ||
| 590 | _aIKA180706, KA | ||
| 650 | 2 | 4 | _aTAN2 |
| 650 | 2 | 4 | _aTECHNICAL ADVICE NOTE 2 |
| 650 | 2 | 4 |
_aAffordable housing _96215 |
| 651 | 4 |
_aWales _y1998-2007 |
|
| 690 | _aENVIRONMENTAL AND LAND CONSULTANCY-PLANNING AND DEVELOPMENT-PLANNING GUIDANCE | ||
| 856 | 4 | 0 |
_uhttps://wales.gov.uk/desh/publications/planning/technicaladvicenotes/tan2/tan2e.pdf?lang=en _zView the technical advice note free of charge at http://wales.gov.uk |
| 942 | _n0 | ||
| 999 |
_c105563 _d105563 |
||